La barca de Pedro (Record no. 20976)

MARC details
000 -LEADER
campo de control de longitud fija 00526nam a2200169 i 4500
001 - NÚMERO DE CONTROL
campo de control 20976
003 - IDENTIFICADOR DE NÚMERO DE CONTROL
campo de control ES-MaACL
005 - FECHA Y HORA DE LA ÚLTIMA TRANSACCIÓN
campo de control 20230906152408.0
007 - CAMPO FIJO DE DESCRIPCIÓN FÍSICA--INFORMACIÓN GENERAL
campo de control de longitud fija t|
008 - DATOS DE LONGITUD FIJA--INFORMACIÓN GENERAL
campo de control de longitud fija 021120s1944 sp ||||1| spa d
100 1# - ENTRADA PRINCIPAL--NOMBRE DE PERSONA
Nombre de persona Alarcón Capilla, Antonio.
9 (RLIN) 19137
245 13 - MENCIÓN DEL TÍTULO
Título La barca de Pedro
Resto del título : . (La virginidad perdida) : novela /
Mención de responsabilidad, etc. Antonio Alarcón Capilla.
260 ## - PUBLICACIÓN, DISTRIBUCIÓN, ETC.
Lugar de publicación, distribución, etc. Madrid :
Nombre del editor, distribuidor, etc. Castro,
Fecha de publicación, distribución, etc. 1944 (
Fabricante Gráficas Sánchez)
300 ## - DESCRIPCIÓN FÍSICA
Extensión 289 p. ;
Dimensiones 21 cm.
740 3# - ENTRADA AGREGADA--TÍTULO RELACIONADO/ANALÍTICO NO CONTROLADO
Título relacionado o analítico no controlado La virginidad perdida.
852 ## - LOCALIZACIÓN
Ubicación ES-MaACL
Número de control de estantería F-16310
Sublocalización o colección R.21431
Holdings
Estatus retirado Estado de pérdida Estado de daño No para préstamo Biblioteca de origen Biblioteca actual Ubicación en estantería Fecha de adquisición Fuente de adquisición Total de préstamos Signatura topográfica completa Código de barras Visto por última vez Precio de reemplazo Tipo de ítem Koha
        Biblioteca del Ateneo de Madrid Biblioteca del Ateneo de Madrid Sala Pecera Planta 2 17/01/2008     F-16310 1021540 23/02/2023 23/02/2023 Libro impreso